Теплофизические свойства ультрадисперсных никелевых катализаторов на основе силикагеля, насыщенных парами воды; Композиционные строительные материалы. Теория и практика

التفاصيل البيبلوغرافية
Parent link:Композиционные строительные материалы. Теория и практика.— 2011.— С. 165-168
المؤلف الرئيسي: Хушвактов А. А. Алишер Асанович
مؤلفون آخرون: Сафаров М. М., Джураев Д. С.
الملخص:В фонде НТБ ТПУ отсутствует
اللغة:الروسية
منشور في: 2011
الموضوعات:
التنسيق: MixedMaterials فصل الكتاب
KOHA link:https://koha.lib.tpu.ru/cgi-bin/koha/opac-detail.pl?biblionumber=601318

MARC

LEADER 00000naa0a2200000 4500
001 601318
005 20250214093742.0
035 |a (RuTPU)RU\TPU\tpu\26062 
035 |a RU\TPU\tpu\26061 
090 |a 601318 
100 |a 20141111d2011 k y0rusy50 ca 
101 0 |a rus 
102 |a RU 
200 1 |a Теплофизические свойства ультрадисперсных никелевых катализаторов на основе силикагеля, насыщенных парами воды  |f А. А. Хушвактов, М. М. Сафаров, Д. С. Джураев 
333 |a В фонде НТБ ТПУ отсутствует 
463 |t Композиционные строительные материалы. Теория и практика  |o международная научно-техническая конференция, май 2011 : сборник статей  |f [под ред. В. И. Калашникова]  |v С. 165-168  |d 2011 
610 1 |a труды учёных ТПУ 
700 1 |a Хушвактов  |b А. А.  |c физик  |c инженер Томского политехнического университета  |f 1985-  |g Алишер Асанович  |3 (RuTPU)RU\TPU\pers\32768 
701 1 |a Сафаров  |b М. М. 
701 1 |a Джураев  |b Д. С. 
801 1 |a RU  |b 63413507  |c 20141111 
801 2 |a RU  |b 63413507  |c 20141111  |g RCR 
942 |c BK